Сбогом и доскоро (Запис номер 376917)
[ съкратено ]
| 000 -Лидер | |
|---|---|
| Контролно поле с фиксирана дължина | 01446nam a2200385 a 4500 |
| 003 - Код на организацията, давaща контролен номер | |
| Контролно поле | BLK |
| 005 - Дата и час на последна редакция | |
| Контролно поле | 20250617093332.0 |
| 008 - Елементи от данни с фиксирана дължина | |
| fixed length control field | 180411b bul|||||r ||||||| ||bul|| |
| 010 ## - Наследен системен номер | |
| LC control number | KNG00183593000 |
| 020 ## - Международен стандартен номер на книга ISBN | |
| Международен стандартен номер на книга ISBN | 9789543895823 |
| 040 ## - Източник на каталожния запис | |
| Идентификатор на билиотеката - собственик на записа | BLK |
| 041 ## - Код за език | |
| Код за езика на текст/звукозапис или на отделно заглавие | Български |
| Код за езика КДБФ | Български |
| 072 #7 - Код за тематичната категория | |
| Код организация | bullib |
| Код за тематична категория | Н83 |
| Текст | Чужда художествена литература Н |
| 080 ## - УДК | |
| Текстов определител УДК | Американска литература (на САЩ) |
| УДК код - определител по УДК | 821.111(73) |
| УДК определител | -312.4 |
| УДК - код + определител | 821.111(73)-312.4 |
| 100 1# - Редна дума - Автор | |
| Автор | Дивър, Джефри Уилдс |
| Авторска отговорност | първи автор |
| R(LIN) | 366681 |
| 139 ## - Редно поле | |
| Редна дума | Дивър, Джефри Уилдс |
| Авторски знак | Ди - Д 53 |
| 245 10 - Сведения за заглавието | |
| Заглавие | Сбогом и доскоро |
| Подзаглавни данни | Роман |
| Редно поле (дума) | Джефри Уилдс Дивър; прев. от англ. Красимира Абаджиева. |
| 257 ## - Страна на издаване | |
| Страна на създаване/издаване | Съединени американски щати |
| 260 ## - Област на издателските данни | |
| Място на издаване, разпространение и проч. | София |
| Име на издателя, разпространителя и проч. | Ера |
| Година на издаване | 2020 |
| Печатница | София : Експертпринт |
| 300 ## - Физическа характеристика | |
| Страници | 278 с. |
| Размери/Мащаб | 20 см |
| 380 ## - Жанр | |
| Жанр | Худож. лит. |
| 490 ## - СЕРИИ (Колекции) | |
| Име на серия | Ератрилър |
| 9 (RLIN) | 201572 |
| 500 ## - Общи забележки | |
| Забележка | Ориг. загл. The Goodbay Man / Jeffery Deaver. |
| 659 ## - Тематичен бюлетин | |
| Тематичен бюлетин | Н |
| 700 ## - Други автори (авторска отговорност) | |
| Лично име | Абаджиева, Красимира Светославова |
| 9 (RLIN) | 245496 |
| 856 4# - Електронен адрес и достъп | |
| Електронен формат | pdf - файл |
| 856 4# - Електронен адрес и достъп | |
| Електронен формат | pdf - файл |
| 999 ## - СИСТЕМНИ КОНТРОЛНИ НОМЕРА | |
| Koha biblionumber | 376917 |
| Koha biblioitemnumber | 376917 |
| 942 ## - АРТИКУЛИ | |
| Вид на библиотечния материал | Книги |
| Скрит в OPAC | Не |
| Koha issues (borrowed), all copies | 99 |
| Периодичен библиозапис | Да |
| 944 ## - СЪЗДАВАНЕ И РЕДАКЦИЯ на ЗАПИСА | |
| Създаване/Редакция | Създаване |
| Дата на регистрацията/редакция | 13.10.2015 |
| Статус, дата на статуса | Цветелина Шанова |
| Служител, извършил регистрацията/редакцията | 30531 |
| 944 ## - СЪЗДАВАНЕ И РЕДАКЦИЯ на ЗАПИСА | |
| Създаване/Редакция | Редакция |
| Дата на регистрацията/редакция | 26.04.2016 |
| Статус, дата на статуса | ф / |
| Служител, извършил регистрацията/редакцията | Людмила_Стоянова |
| 999 ## - СИСТЕМНИ КОНТРОЛНИ НОМЕРА | |
| Koha biblioitemnumber | 376917 |
| 999 ## - СИСТЕМНИ КОНТРОЛНИ НОМЕРА | |
| Koha biblioitemnumber | 376917 |
| 999 ## - СИСТЕМНИ КОНТРОЛНИ НОМЕРА | |
| Koha biblioitemnumber | 376917 |
| 999 ## - СИСТЕМНИ КОНТРОЛНИ НОМЕРА | |
| Koha biblioitemnumber | 175067 |
| Код за отписване | Код за изгубен артикул | Източник на класификационната схема | Код за повреда | Коз за рестрикции | Код за отдаване | Артикулен № | Име на библиотеката - собственик | Име на библиотеката, в която се намира в момента | Статус (Текущо местоположение) | Дата на вписване в системата | Местоположение - отдел | Цена в лева | Систематично азбучна сигнатура | Баркод | Цена в евро | Служебен тип на артикула |
|---|---|---|---|---|---|---|---|---|---|---|---|---|---|---|---|---|
| Не е изгубен | Universal Decimal Classification | Не е повреден | без рестрикции | заемане за дома | 786126 | Регионална библиотека "Любен Каравелов" Русе | Регионална библиотека "Любен Каравелов" Русе | Заемна - подръчен фонд | 2020-07-25 | Заемна - подръчен фонд | 12.75 | 821-31/Д 53 Д | 120000843576 | 6.52 | Книги | |
| Не е изгубен | Universal Decimal Classification | Не е повреден | без рестрикции | заемане за дома | 786127 | Регионална библиотека "Любен Каравелов" Русе | Регионална библиотека "Любен Каравелов" Русе | Заемна - подръчен фонд | 2020-07-25 | Заемна - подръчен фонд | 12.75 | 821-31/Д 53 Д | 120000843577 | 6.52 | Книги | |
| Не е изгубен | Universal Decimal Classification | Не е повреден | без рестрикции | заемане за дома | 830051 | Регионална библиотека "Любен Каравелов" Русе | Регионална библиотека "Любен Каравелов" Русе | Заемна - подръчен фонд | 2021-05-17 | Заемна - подръчен фонд | 17.00 | 821-31/Д 53 Д | 120000855115 | 8.69 | Книги | |
| Не е изгубен | Universal Decimal Classification | Не е повреден | само за читалня | ползва се в читалня | 836010 | Регионална библиотека "Любен Каравелов" Русе | Регионална библиотека "Любен Каравелов" Русе | Хранилище | 2021-06-10 | Хранилище | 17.00 | Цб 307626 | 120000856001 | 8.69 | Книги |